02509agaaa2200301 45000010005000000030009000050050017000140070009000310080040000400400023000800410013001031000050001161300020001662450209001862500022003952600135004173000033005525080229005855110092008145200964009065380016018705460013018866500059018997000062019587000058020207000062020787000067021404963IT-RoPAU20220918181238.0d cvaizq50131s9999||||xx ||| | || ||und|| aIT-RoPAUcIT-RoPAU aITALIANO aLuchetti DanielegCodice regista SPICS: 57897 aPORTABORSE (IL) aPORTABORSE (IL)cProdotto da: Barbagallo A. Morett -- Sceneggiatura: Petraglia Sandro Rulli Stefano Luchetti Daniele -- Diretto da: Luchetti DanielepPORTABORSE (IL) (Rif. Codice opera principale : H4963) aEdizione Standard a(ITALIA)bSACHER FILM - EIDOSCOPE - BANFILM - CINE CINQ / Distribuzione: ESPRESSOg"2003 (1° ed.: 2003 ; Ed. Lingua Orig.: 1991)" aDVDbsonoro, col.c92 minuti a"Fotografia: Pesci Alessandro; Montaggio: Garrone Mirco; Musica: Lucantoni Dario; Sceneggiatura: Petraglia Sandro Rulli Stefano Luchetti Daniele; Scenografia: Basili G. Scarpa L.; Soggetto: Bernini Franco -- Pasquini Angelo" a"Orlando Silvio; Moretti Nanni; Brogi Giulio; Roussel Anne; Finocchiaro Angela; Cohen " aIL GIOVANE MINISTRO CESARE BOTERO (N. MORETTI), DINAMICO E PRIVO DI SCRUPOLI, INTRODUCE TRA I SUOI COLLABORATORI PIU' STRETTI LUCIANO SANDULLI (S. ORLANDO), UN PROFESSORE DI LICEO VENUTO DAL SUD. RAPIDAMENTE LUCIANO CONQUISTA LA FIDUCIA DI BOTERO E COMINCIA A SCRIVERE I SUOI DISCORSI, LE SUE DICHIARAZIONI PUBBLICHE. IL MINISTRO RIPAGA IL LAVORO DI LUCIANO CON UNA SERIE DIPRIVILEGI E FAVORI SEMPRE PIU' IMBARAZZANTI. DOPO UN PRIMO MOMENTO DI FASCINAZIONE E LUSINGHE, IL PROFESSORE COMINCIA AD APRIRE GLI OCCHI: IL MONDO DI BOTERO E' FATTO DI CORRUZIONE, SOPRUSI, BROGLI ELETTORALI, TANGENTI. MENTRE INFURIA UN'ACCESA CAMPAGNA ELETTORALE, LUCIANO RACCOGLIE INDIZI NELLA SPERANZA DI POTER DENUNCIARE BOTERO. PRECURSORE NELL'EVIDENZIARE LA PERDITA DI SENSO MORALE NELLA POLITICA ITALIANA, IL FILM, CHE HA PARTECIPATO IN CONCORSO AL FESTIVAL DI CANNES, HA VINTO DUE DAVID DI DONATELLO 1991: MIGLIOR ATTORE (N. MORETTI) E MIGLIOR SCENEGGIATURA.MORALE E POLITICA. aPAL, STEREO aITALIANO aDRAMMATICOeDVD-FILM [DVD]xCodice MATERIA SPICS: 9947 aBernini Franco e(soggetto)gCodice Soggetto SPICS: 25342 aLucantoni Darioe(musica)gCodice Musica SPICS: 57898 aLuchetti Daniele e(regista)gCodice regista SPICS: 57897 aPasquini Angelo e(soggetto)gCodice Soggetto 2° SPICS: 36624